NBA Active Top 50: playoff assists - Statistics

General Stats
  • This quiz has been taken 27 times
  • The average score is 36 of 50
Answer Stats
Team Player Assists % Correct
PHX Chris Paul 902
100%
LAL LeBron James 1871
100%
GSW Stephen Curry 704
100%
PHI Danny Green 168
96%
GSW Draymond Green 754
96%
MIA Jimmy Butler 316
96%
LAC Kawhi Leonard 335
96%
WAS Russell Westbrook 815
96%
POR Damian Lillard 319
92%
BKN Kevin Durant 557
92%
TOR Kyle Lowry 558
92%
BKN Kyrie Irving 306
92%
DEN Nikola Jokic 227
92%
WAS Bradley Beal 148
88%
HOU John Wall 364
88%
GSW Klay Thompson 272
88%
LAC Paul George 342
88%
MIL Giannis Antetokounmpo 208
85%
BKN James Harden 742
85%
OKC Al Horford 429
81%
BOS Jayson Tatum 154
81%
ATL Rajon Rondo 1086
81%
PHI Ben Simmons 149
77%
SAS DeMar DeRozan 208
77%
MIL Jrue Holiday 165
77%
BOS Kemba Walker 138
77%
MIL Khris Middleton 192
77%
DET Blake Griffin 213
73%
DEN Jamal Murray 192
69%
BOS Marcus Smart 270
69%
MIA Andre Iguodala 601
65%
MIA Goran Dragic 188
65%
UTA Mike Conley 403
65%
SAS Patty Mills 152
62%
LAC Lou Williams 211
58%
LAL Marc Gasol 306
58%
DEN Paul Millsap 206
54%
POR Carmelo Anthony 195
50%
LAL Dennis Schroder 186
50%
DET Derrick Rose 304
50%
PHI Dwight Howard 141
46%
TOR Fred VanVleet 155
46%
OKC George Hill 348
46%
BOS Jeff Teague 345
46%
NOP Eric Bledsoe 184
42%
CHA Terry Rozier 164
42%
NOP J.J. Redick 178
38%
OKC Trevor Ariza 192
35%
LAC Reggie Jackson 162
31%
CLE Matthew Dellavedova 137
15%
No matching quizzes found
Score Distribution
Percent of People with Each Score
Percentile by Number Answered
Your Score History
You have not taken this quiz